| 000 | 00671nam a2200241 i 4500 | ||
|---|---|---|---|
| 001 | C2-0084058 | ||
| 003 | PPAK | ||
| 005 | 20180727085801.0 | ||
| 008 | 970429s1992 enk |||| ||||| | eng d | ||
| 020 | _a0851129544 | ||
| 040 |
_aPPAK _beng _cPPAK _erda |
||
| 082 | 0 | 4 |
_a796.33402 _223 |
| 090 | 0 | 0 |
_a796.33402 _bOLI _dR |
| 100 | 1 |
_aOliver, Guy, _eauthor |
|
| 245 | 1 | 4 | _aThe guinness record of world soccer |
| 264 | 1 |
_aMiddlesex : _bGuinness Pub. , _c1992 |
|
| 300 |
_ax, 870 pages ; _c24 cm |
||
| 336 |
_2rdacontent _atext |
||
| 337 |
_2rdamedia _aunmediated |
||
| 338 |
_2rdacarrier _avolume |
||
| 650 | 1 | 0 | _aSoccer - Handbooks, vade - Mecums, etc. |
| 942 |
_ddc _cB |
||
| 999 |
_c16242 _d16242 |
||